<?xml version="1.0" encoding="UTF-8"?>
<record
    xmlns:xsi="http://www.w3.org/2001/XMLSchema-instance"
    xsi:schemaLocation="http://www.loc.gov/MARC21/slim http://www.loc.gov/standards/marcxml/schema/MARC21slim.xsd"
    xmlns="http://www.loc.gov/MARC21/slim">

  <leader>00801nam a2200217 a 4500</leader>
  <controlfield tag="001">2498</controlfield>
  <controlfield tag="003">CDMR</controlfield>
  <controlfield tag="005">20131203163950.0</controlfield>
  <controlfield tag="008">130130s1971||||||||||||||||||||||||||||d</controlfield>
  <datafield tag="040" ind1=" " ind2=" ">
    <subfield code="a">CDMR</subfield>
    <subfield code="b">cat</subfield>
    <subfield code="c">CDMR</subfield>
  </datafield>
  <datafield tag="100" ind1="1" ind2=" ">
    <subfield code="a">Chabrol, Claude</subfield>
    <subfield code="9">1872</subfield>
  </datafield>
  <datafield tag="245" ind1="1" ind2="3">
    <subfield code="a">Le r&#xE9;cit f&#xE9;minin</subfield>
    <subfield code="b">: contribution &#xE0; l'analyse s&#xE9;miologique du courrier du coeur et des entrevues ou 'enqu&#xEA;tes' sur la femme dans la presse f&#xE9;minine actuelle</subfield>
    <subfield code="c">par Claude Chabrol</subfield>
  </datafield>
  <datafield tag="260" ind1=" " ind2=" ">
    <subfield code="a">The Hague</subfield>
    <subfield code="c">1971</subfield>
    <subfield code="b">Mouton</subfield>
  </datafield>
  <datafield tag="300" ind1=" " ind2=" ">
    <subfield code="a">142 p.</subfield>
  </datafield>
  <datafield tag="490" ind1="0" ind2=" ">
    <subfield code="a">Approaches to Semiotics</subfield>
    <subfield code="v">15</subfield>
  </datafield>
  <datafield tag="650" ind1="0" ind2="4">
    <subfield code="9">4260</subfield>
    <subfield code="a">Revistes per a dones</subfield>
  </datafield>
  <datafield tag="650" ind1="0" ind2="4">
    <subfield code="9">4436</subfield>
    <subfield code="a">Paper segons el sexe en els mitjans de comunicaci&#xF3; de massa</subfield>
  </datafield>
  <datafield tag="650" ind1="0" ind2="4">
    <subfield code="9">3349</subfield>
    <subfield code="a">An&#xE0;lisi del discurs</subfield>
  </datafield>
  <datafield tag="650" ind1="0" ind2="4">
    <subfield code="9">3818</subfield>
    <subfield code="a">Mitjans de comunicaci&#xF3; de massa i dones</subfield>
  </datafield>
  <datafield tag="942" ind1=" " ind2=" ">
    <subfield code="c">MON</subfield>
    <subfield code="2">udc</subfield>
  </datafield>
  <datafield tag="999" ind1=" " ind2=" ">
    <subfield code="c">2498</subfield>
    <subfield code="d">2498</subfield>
  </datafield>
  <datafield tag="952" ind1=" " ind2=" ">
    <subfield code="0">0</subfield>
    <subfield code="1">0</subfield>
    <subfield code="4">0</subfield>
    <subfield code="7">0</subfield>
    <subfield code="a">CDMR</subfield>
    <subfield code="b">CDMR</subfield>
    <subfield code="d">2013-01-16</subfield>
    <subfield code="l">0</subfield>
    <subfield code="o">Cc 7/45</subfield>
    <subfield code="p">CDMR13119354</subfield>
    <subfield code="r">2013-01-16</subfield>
    <subfield code="w">2013-01-16</subfield>
    <subfield code="y">MON</subfield>
  </datafield>
</record>
